000 00546nam a2200205 4500
005 20240726102933.0
008 240725b |||||||| |||| 00| 0 eng d
020 _a9789388684934
_cRs. 495.00
040 _aMAIN
082 _a070.92
_bT543R
100 _aTiwari, Arjun
245 _aRashtrapita ki patrakarita
260 _aNew Delhi
_bVani Prakashan
_c2019
300 _a216
650 _aMahatma Gandhi-Journalism
650 _aGandhi's Journalism in India
650 _aGandhi- Father of the nation
942 _cBK
999 _c356312
_d356312